| 000 | 00782cam a2200253 a 4500 | ||
|---|---|---|---|
| 001 | 000015751 | ||
| 005 | 20200929164136.0 | ||
| 008 | 890104s1976 sp 001 0 spa d | ||
| 020 | _a8432503290 | ||
| 035 | _a(DLC) 89100799 | ||
| 040 |
_aDO-SdBNP _cDLC _dDLC |
||
| 082 |
_a070.579409 _bG984h |
||
| 100 | 1 |
_aGutiérrez Espada, José Luis. _935436 |
|
| 245 | 1 | 0 |
_aHistoria de la joven prensa musical / _cJosé Luis Gutiérrez Espada. |
| 260 |
_aMadrid : _bDoncel, _c1976. |
||
| 300 |
_a200 p. ; _c19 cm. |
||
| 490 | 1 |
_aEl Libro de bolsillo doncel _v122 |
|
| 650 | 4 |
_aPeriodismo _929 |
|
| 650 | 4 |
_aMúsica _xHistoria y crítica _9947 |
|
| 653 | 0 | _aMusical press | |
| 830 | 0 |
_aEl Libro de bolsillo doncel ; _v122 _98628 |
|
| 910 | _aCatalogación por copia / LC | ||
| 049 | _aBNGR | ||
| 999 |
_c15301 _d15301 |
||